000
00226nam a2200085Ia 4500
245
0
_a
Why I am so wise
100
_a
Nietzsche, Friedrich Wilhelm, London, 2009
942
_c
BK
008
210817s9999 xx 000 0 und d
999
_c
268143
_d
268142